Definovanie a meranie energetickej bezpečnosti

Problematika definovania a merania energetickej bezpečnosti. Prehľad definícii od počiatkov používania tohto pojmu až po najširšie poňatie často aplikované v súčasnosti. Rovnako meranie energetickej bezpečnosti sa v priebehu dekád vyvíjalo v súlade so zmenou definície a meniacou sa situáciou na trhu...

ver descrição completa

Na minha lista:
Detalhes bibliográficos
Autor principal: Hlavová, Natália, 1991-
Formato: Capítulo de Livro
Idioma:eslovaco
Assuntos:
Tags: Adicionar Tag
Sem tags, seja o primeiro a adicionar uma tag!

MARC

LEADER 00000nla a2200000 4500
001 0226095
005 20240502073719.5
041 0 |a slo 
044 |a SK 
245 1 0 |a Definovanie a meranie energetickej bezpečnosti  |c Natália Hlavová 
520 |a Problematika definovania a merania energetickej bezpečnosti. Prehľad definícii od počiatkov používania tohto pojmu až po najširšie poňatie často aplikované v súčasnosti. Rovnako meranie energetickej bezpečnosti sa v priebehu dekád vyvíjalo v súlade so zmenou definície a meniacou sa situáciou na trhu s energiou. 
610 2 0 |a bezpečnosť energetická 
610 2 0 |a história 
610 2 0 |a pojmy 
610 2 0 |a politika hospodárska 
100 1 |a Hlavová, Natália, 1991-